=LDR 00000nam 2200000 4500 =001 INLIS000000000024329 =005 20130612122925 =008 ***********************************Ind** =035 ##$$0010-061300000024329 =041 ##$$a Ind =082 ##$$a 510.21 =090 ##$$a 510.21, Spi p =100 ##$$a Spiegel, Murray R =245 ##$$a Perurutan matermatika, Rumus dan tabel, Murrary R. Spiegel =260 ##$$a 25 cm $b Jakarta =300 ##$$a 264 hlm, ilus, 25 cm =650 ##$$a Matematika tabel =850 ##$$a NBPNMAT